| 000 | 00718nam a2200217Ia 4500 | ||
|---|---|---|---|
| 005 | 20241129110015.0 | ||
| 008 | 241129s9999||||xx |||||||||||||| ||und|| | ||
| 020 | _a978-0-367-08644-2 | ||
| 037 | _aTB | ||
| 040 |
_aARTS _beng _cARTS |
||
| 041 |
_aeng _2eng |
||
| 084 |
_aA:(R) R3 _qARTS |
||
| 100 |
_aPeschard Isabelle Au.; Benetreau - Dupin Yann Au.; Wessels Christopher Au. _9726832 |
||
| 245 | 0 |
_aPhilosophy and science of risk : introduction _cPeschard Isabelle Au.; Benetreau - Dupin Yann Au.; Wessels Christopher Au. |
|
| 260 |
_aUK _bRoutledge _c2023 |
||
| 300 | _axiii,310p. | ||
| 365 |
_aUKP _b32.99 |
||
| 650 |
_aSciencePhilosophy _9726833 |
||
| 942 |
_cTB _hA:(R) R3 |
||
| 999 |
_c1226966 _d1226966 |
||